Čislennyje metody v singuljarnych integral'nych uravnenijach i ich primenenije v aerodinamike, teorii uprugosti, elektrodinamike

Salvato in:
Dettagli Bibliografici
Natura: Libro
Lingua:russo
Pubblicazione: Moskva Nauka 1985
Tags: Aggiungi Tag
Nessun Tag, puoi essere il primo ad aggiungerne!!

MARC

LEADER 00000nam a2200000 4500
001 c109839
005 20260202074148.0
041 0 |a rus 
044 |a RU 
245 1 0 |a Čislennyje metody v singuljarnych integral'nych uravnenijach i ich primenenije v aerodinamike, teorii uprugosti, elektrodinamike  |c Sergej Michajlovič Belocerkovskij, Ivan Kuz'mič Lifanov 
264 1 |a Moskva  |b Nauka  |c 1985 
300 |a 252 s.